The teaching of development economics, its position in the present state of knowledge: (Record no. 9952)
[ view plain ]
| 000 -LEADER | |
|---|---|
| fixed length control field | 01294cam a22003011 4500 |
| 001 - CONTROL NUMBER | |
| control field | 2172010 |
| 005 - DATE AND TIME OF LATEST TRANSACTION | |
| control field | 20170822175124.0 |
| 008 - FIXED-LENGTH DATA ELEMENTS--GENERAL INFORMATION | |
| fixed length control field | 740605s1967 ilu b 100 0 eng |
| 010 ## - LIBRARY OF CONGRESS CONTROL NUMBER | |
| LC control number | 67025581 |
| 040 ## - CATALOGING SOURCE | |
| Original cataloging agency | DLC |
| Transcribing agency | DLC |
| Modifying agency | BSU |
| -- | OCoLC |
| -- | DLC |
| 043 ## - GEOGRAPHIC AREA CODE | |
| Geographic area code | d------ |
| 050 00 - LIBRARY OF CONGRESS CALL NUMBER | |
| Classification number | HC59.7 |
| Item number | .M28 1964 |
| 082 00 - DEWEY DECIMAL CLASSIFICATION NUMBER | |
| Classification number | 338.1TEA |
| Edition number | 22 |
| 111 2# - MAIN ENTRY--MEETING NAME | |
| Meeting name or jurisdiction name as entry element | Manchester Conference on Teaching Economic Development |
| Date of meeting | (1964) |
| 9 (RLIN) | 20063 |
| 245 14 - TITLE STATEMENT | |
| Title | The teaching of development economics, its position in the present state of knowledge: |
| Remainder of title | proceedings. |
| Statement of responsibility, etc | Edited by Kurt Martin & John Knapp. |
| 260 ## - PUBLICATION, DISTRIBUTION, ETC. (IMPRINT) | |
| Place of publication, distribution, etc | London |
| Name of publisher, distributor, etc | Frank Cass and Co |
| Date of publication, distribution, etc | [1967] |
| 300 ## - PHYSICAL DESCRIPTION | |
| Extent | xv, 238 p. |
| Dimensions | 22 cm. |
| 500 ## - GENERAL NOTE | |
| General note | Conference held under the auspices of the Centre of Development Studies, University of Manchester. |
| 504 ## - BIBLIOGRAPHY, ETC. NOTE | |
| Bibliography, etc | Includes bibliographical footnotes. |
| 650 #0 - SUBJECT ADDED ENTRY--TOPICAL TERM | |
| Topical term or geographic name as entry element | Economic development |
| General subdivision | Study and teaching |
| Form subdivision | Congresses. |
| 9 (RLIN) | 20064 |
| 650 #0 - SUBJECT ADDED ENTRY--TOPICAL TERM | |
| Topical term or geographic name as entry element | Development economics |
| Form subdivision | Congresses. |
| 9 (RLIN) | 20065 |
| 651 #0 - SUBJECT ADDED ENTRY--GEOGRAPHIC NAME | |
| Geographic name | Developing countries |
| General subdivision | Economic conditions |
| -- | Study and teaching |
| Form subdivision | Congresses. |
| 9 (RLIN) | 20066 |
| 700 1# - ADDED ENTRY--PERSONAL NAME | |
| Personal name | Martin, Kurt, |
| Dates associated with a name | 1904-1995. |
| 9 (RLIN) | 20067 |
| 700 1# - ADDED ENTRY--PERSONAL NAME | |
| Personal name | Knapp, John. |
| 9 (RLIN) | 20068 |
| 710 2# - ADDED ENTRY--CORPORATE NAME | |
| Corporate name or jurisdiction name as entry element | Victoria University of Manchester. |
| Subordinate unit | Centre of Development Studies. |
| 9 (RLIN) | 20069 |
| 906 ## - LOCAL DATA ELEMENT F, LDF (RLIN) | |
| a | 7 |
| b | cbc |
| c | orignew |
| d | u |
| e | ocip |
| f | 19 |
| g | y-gencatlg |
| 942 ## - ADDED ENTRY ELEMENTS (KOHA) | |
| Source of classification or shelving scheme | Dewey Decimal Classification |
| Item type | Books |
| Withdrawn status | Lost status | Source of classification or shelving scheme | Damaged status | Not for loan | Collection code | Home library | Current library | Shelving location | Date acquired | Source of acquisition | Total Checkouts | Full call number | Barcode | Date last seen | Copy number | Price effective from | Koha item type |
|---|---|---|---|---|---|---|---|---|---|---|---|---|---|---|---|---|---|
| Dewey Decimal Classification | Main Library | Main Library | 14/07/2015 | Donation | 338.1TEA | 3360 | 14/07/2015 | 1 | 14/07/2015 | Books |